Quick Pick: NL Teams by Last MVP Quiz Stats

 Plays Quiz Updated Nov 16, 2017

Score 0/13 Timer 01:00
2 Plays Today
% Correct
Braves
90.4%
Cardinals
90%
Cubs
89.9%
Dodgers
89.2%
Nationals
88.8%
Marlins
88.8%
Giants
87.7%
Brewers
86.8%
Pirates
85.8%
Reds
85.1%
Phillies
84.9%
Rockies
81.2%
Padres
78%

Today's Daily Dose

Missing Word
TV IA - IZ

Word Ladder
Home Improvement

Get the Picture
Wrist or Ankle Bones

You're not logged in!

Compare scores with friends on all Sporcle quizzes.
OR
Log In

You Might Also Like...

Show Comments

Extras

Top Quizzes Today


Score Distribution

Your Account Isn't Verified!

In order to create a playlist on Sporcle, you need to verify the email address you used during registration. Go to your Sporcle Settings to finish the process.

Report this User

Report this user for behavior that violates our Community Guidelines.

Details: